[Event "Detroit (MOR/2/2)"]
[Site "?"]
[Date "1990.??.??"]
[Round "?"]
[White "Wanshon, Kevin"]
[Black "Harger, Tim"]
[Result "1-0"]
[WhiteElo "1640"]
[BlackElo "1795"]
[PlyCount "115"]
[EventDate "1990.??.??"]

{2/(2)} 1. e4 Nf6 2. e5 Nd5 3. d4 d6 4. exd6 exd6 5. Nf3 Be7 6. Be2 O-O 7. O-O
Bf5 8. a3 Nc6 9. c4 Nb6 10. Be3 Bf6 11. Nbd2 h6 12. d5 Ne5 13. Bd4 Re8 14. Nxe5
Bxe5 15. Bxe5 dxe5 16. Bg4 Qg5 17. Bxf5 Qxf5 18. Rc1 Rad8 19. Qf3 Qg6 20. Ne4
Nd7 21. Rfd1 f5 22. Ng3 Rf8 23. b4 b6 24. Re1 Rde8 25. Re2 Qg5 26. Rce1 e4 27.
Qc3 h5 28. Qc1 Qg6 29. Qf4 Ne5 30. Qh4 Nd3 31. Rf1 f4 32. Qxh5 Qxh5 33. Nxh5 g6
34. Nxf4 Rxf4 35. f3 Ref8 36. Rxe4 Rxe4 37. fxe4 Rxf1+ 38. Kxf1 Ne5 39. c5 Kf8
40. Ke2 b5 41. Ke3 Nc4+ 42. Kd4 Nxa3 43. c6 Nc4 44. h4 Nd6 45. g4 Ke7 46. e5
Nf7 47. Ke4 a6 48. h5 gxh5 49. gxh5 Nh6 50. Kf4 Nf7 51. Kf5 a5 52. bxa5 b4 53.
Ke4 b3 54. Kd3 Nxe5+ 55. Kc3 b2 56. Kxb2 Nc4+ 57. Kc3 Nxa5 58. Kb4 1-0

[Event "Flint (MI Senior/3/8)"]
[Site "?"]
[Date "1990.??.??"]
[Round "?"]
[White "Waltz, Glenn"]
[Black "Repas, B."]
[Result "1-0"]
[WhiteElo "1605"]
[BlackElo "1605"]
[PlyCount "65"]
[EventDate "1990.??.??"]

{3/(8)} 1. e4 c5 2. Nf3 Nc6 3. Bb5 a6 4. Bxc6 bxc6 5. b3 d6 6. Bb2 e5 7. d3 Nf6
8. Nbd2 Bg4 9. h3 Be6 10. Qe2 h6 11. Nf1 Qa5+ 12. Qd2 Qb4 13. c3 Qb6 14. Ng3 a5
15. O-O Be7 16. Rab1 a4 17. bxa4 Bxa2 18. Ra1 Rxa4 19. c4 Kd7 20. Bxe5 Qb3 21.
Bxd6 Nxe4 22. dxe4 Bxd6 23. e5 Rha8 24. Qxd6+ Kc8 25. Qxc6+ Kd8 26. Rad1+ Qxd1
27. Rxd1+ Ke7 28. Nf5+ Kf8 29. Qxc5+ Kg8 30. Ne7+ Kh7 31. Rd4 g5 32. Qd5 Rf8
33. Qe4+ 1-0

[Event "Flint (MI Senior/1/9)"]
[Site "?"]
[Date "1990.??.??"]
[Round "?"]
[White "Waltz, Glenn"]
[Black "Falkner, J."]
[Result "1-0"]
[WhiteElo "1605"]
[BlackElo "1605"]
[PlyCount "93"]
[EventDate "1990.??.??"]

{1/(9)} 1. e4 e5 2. Nf3 Nc6 3. Bb5 d6 4. c3 Bd7 5. O-O Nf6 6. d3 Be7 7. Re1 O-O
8. Nbd2 a6 9. Bxc6 Bxc6 10. d4 d5 11. Nxe5 Qd6 12. Nxc6 bxc6 13. e5 Qd7 14.
exf6 Bxf6 15. Nf3 Rfe8 16. Rxe8+ Rxe8 17. Bd2 Qe6 18. Qc2 Qd6 19. Re1 Rxe1+ 20.
Nxe1 c5 21. Nf3 cxd4 22. cxd4 Qb6 23. Be3 h6 24. h3 Qa5 25. b3 g5 26. Qf5 Kg7
27. h4 Qxa2 28. hxg5 hxg5 29. Nxg5 Qa1+ 30. Kh2 Bxg5 31. Qxg5+ Kf8 32. Qf6 c5
33. Qd6+ Kg8 34. Qxc5 Qb1 35. Qc8+ Kg7 36. Qg4+ Kf8 37. Bh6+ Ke8 38. Qg8+ Ke7
39. Bg5+ Ke6 40. Qe8+ Kf5 41. Qe5+ Kg4 42. f3+ Kh5 43. Bf4+ Kg6 44. Qg5+ Kh7
45. Qh6+ Kg8 46. Qg5+ Kf8 47. Bd6+ 1-0

[Event "Flint (Class C/3)"]
[Site "?"]
[Date "1990.??.??"]
[Round "?"]
[White "Walls, R."]
[Black "Lloyd, M."]
[Result "0-1"]
[WhiteElo "1605"]
[BlackElo "1605"]
[PlyCount "112"]
[EventDate "1990.??.??"]

1. d4 Nf6 2. c4 c5 3. d5 b5 4. a4 b4 5. a5 d6 6. Nf3 g6 7. Qc2 Bg7 8. e4 Nbd7
9. Be2 O-O 10. O-O Ba6 11. Nbd2 Re8 12. Ra2 e6 13. Re1 Rb8 14. b3 Rb7 15. Bb2
exd5 16. exd5 Nf8 17. Ng5 Rbe7 18. Nf1 Nxd5 19. Bxg7 Kxg7 20. cxd5 Rxe2 21.
Rxe2 Rxe2 22. Qb1 Rxa2 23. Nxf7 Kxf7 24. Qxa2 Qe8 25. Ne3 Nd7 26. Qb2 Nf6 27.
h3 Nxd5 28. Nxd5 Qe1+ 29. Kh2 Qe5+ 30. Qxe5 dxe5 31. Ne3 c4 32. bxc4 b3 33. Nd1
Bxc4 34. Nb2 Bd5 35. g3 Be4 36. Kg1 Ke6 37. Kf1 Kd5 38. Ke2 Bc2 39. Kd2 Kd4 40.
Na4 Kc4 41. Nc3 a6 42. Ne2 Bf5 43. Kc1 Bxh3 44. Kb2 Bf5 45. Ng1 Be4 46. Nh3 h6
47. Ng1 Kb4 48. Ne2 Bc2 49. Nc1 h5 50. Ne2 Kxa5 51. Nc3 g5 52. Nd5 h4 53. Ne3
h3 54. Nf1 Kb4 55. Nh2 a5 56. Nf3 a4 0-1

[Event "Flint (Class C/5)"]
[Site "?"]
[Date "1990.??.??"]
[Round "?"]
[White "Walls, R."]
[Black "Dakins, J."]
[Result "1/2-1/2"]
[WhiteElo "1605"]
[BlackElo "1605"]
[PlyCount "189"]
[EventDate "1990.??.??"]

1. d4 e5 2. d5 d6 3. e4 Nf6 4. Nc3 Be7 5. Be2 O-O 6. Nf3 c6 7. O-O cxd5 8. exd5
h6 9. Re1 Nfd7 10. a4 f5 11. b4 Nf6 12. a5 Nbd7 13. Bb2 Ne4 14. Nb5 a6 15. Na3
b6 16. Nc4 b5 17. Na3 Ndf6 18. Rc1 Ng4 19. Rf1 Qc7 20. c4 Qa7 21. Qe1 bxc4 22.
Nxc4 Bd8 23. h3 Ngf6 24. Nfd2 Bc7 25. Nxe4 Nxe4 26. Kh1 Bb7 27. f4 Bxd5 28.
fxe5 dxe5 29. Nxe5 Rfe8 30. Rxf5 Qb7 31. Bh5 Nd6 32. Rf2 Re7 33. Re2 Ne4 34.
Bf7+ Rxf7 35. Rxe4 Bxe4 36. Nxf7 Re8 37. Qf2 Rf8 38. Nxh6+ gxh6 39. Qd4 Kf7 40.
Qc4+ Bd5 41. Qxc7+ Qxc7 42. Rxc7+ Ke6 43. Kg1 h5 44. Rg7 Rf5 45. g4 hxg4 46.
Rxg4 Rf3 47. h4 Rh3 48. Rf4 Rh1+ 49. Kf2 Rh2+ 50. Kg3 Rxb2 51. Rd4 Rg2+ 52. Kh3
Rg1 53. h5 Rg7 54. h6 Rh7 55. Rh4 Kf6 56. Kg3 Bc6 57. Kf4 Bb5 58. Ke4 Kg5 59.
Rh2 Rxh6 60. Rxh6 Kxh6 61. Kd4 Kg6 62. Ke5 Kf7 63. Kd6 Kf6 64. Kc5 Ke6 65. Kd4
Kd6 66. Ke4 Kc6 67. Ke5 Bf1 68. Kd4 Kb5 69. Kc3 Ka4 70. Kb2 Kxb4 71. Ka2 Kxa5
72. Ka3 Kb5 73. Kb3 Ka5 74. Ka3 Be2 75. Kb3 Bd1+ 76. Ka3 Kb5 77. Ka2 Ka4 78.
Kb2 a5 79. Ka2 Kb4 80. Kb2 a4 81. Ka2 Kc3 82. Ka1 Kc2 83. Ka2 Kc1 84. Ka1 Bc2
85. Ka2 Kd2 86. Kb2 Kd3 87. Ka2 Kc3 88. Ka3 Kd3 89. Ka2 Kc3 90. Ka3 Bd1 91. Ka2
Kb4 92. Kb2 Bf3 93. Ka2 Bd5+ 94. Kb2 a3+ 95. Kb1 1/2-1/2

[Event "Detroit (MOR/5/28)"]
[Site "?"]
[Date "1990.??.??"]
[Round "?"]
[White "Waller, A."]
[Black "Tanner, M."]
[Result "0-1"]
[WhiteElo "1605"]
[BlackElo "1655"]
[PlyCount "72"]
[EventDate "1990.??.??"]

{5/(28)} 1. d4 Nf6 2. c4 c5 3. d5 b5 4. cxb5 a6 5. b6 Qxb6 6. Qb3 Qxb3 7. axb3
Nxd5 8. Nc3 Nb4 9. Kd1 N8c6 10. e3 e6 11. g3 Be7 12. Bg2 d5 13. Nge2 O-O 14. h4
Rb8 15. g4 Nd3 16. Rf1 Rxb3 17. g5 g6 18. f4 Bb7 19. Kc2 c4 20. Rh1 Ncb4+ 21.
Kb1 Rb8 22. Nd4 Nxc1 23. Rxc1 Nd3 24. Nxb3 Bc8 25. Kc2 Rxb3 26. Rcb1 Bb4 27.
Ne2 Ne1+ 28. Rxe1 Bxe1 29. Rxe1 Rxe3 30. Kd2 Rb3 31. Kc2 Kg7 32. Rd1 Bb7 33.
Nc3 Bc6 34. Ra1 Rb6 35. Na4 Rb3 36. Nc3 Rb6 0-1

[Event "Detroit (MOR/1b/4)"]
[Site "?"]
[Date "1990.??.??"]
[Round "?"]
[White "Waller, A."]
[Black "Smith, Robert"]
[Result "0-1"]
[WhiteElo "1605"]
[BlackElo "1740"]
[PlyCount "82"]
[EventDate "1990.??.??"]

1. d4 Nf6 2. c4 e6 3. Nf3 d5 4. Bf4 Nbd7 5. Nc3 a6 6. e3 c5 7. cxd5 exd5 8.
dxc5 Nxc5 9. h3 Be7 10. Be2 O-O 11. Qc2 b5 12. a3 Bb7 13. O-O Rc8 14. Qd2 Nb3
15. Qd3 Nxa1 16. Rxa1 Ne4 17. Be5 Bf6 18. Bd4 Nxc3 19. bxc3 Qe7 20. a4 Bxd4 21.
Nxd4 bxa4 22. Rxa4 Rc7 23. Bf3 Rfc8 24. Ne2 Rc4 25. Rxc4 dxc4 26. Qf5 Rc5 27.
Qf4 Bxf3 28. Qxf3 a5 29. Nd4 a4 30. Nc6 Qb7 31. Nb4 Qxf3 32. gxf3 a3 33. Na2
Rd5 34. Kf1 Kf8 35. Ke2 Ke7 36. Nb4 Rd6 37. Nc2 a2 38. Na1 Kd7 39. e4 Rd3 40.
h4 Kc6 41. f4 Kb5 0-1

[Event "Detroit (MOR/4/17)"]
[Site "?"]
[Date "1990.??.??"]
[Round "?"]
[White "Waller, A."]
[Black "Skidmore, Jennifer"]
[Result "0-1"]
[WhiteElo "1605"]
[BlackElo "1670"]
[PlyCount "97"]
[EventDate "1990.??.??"]

{4/(17)} 1. d4 d5 2. c4 dxc4 3. Nf3 e6 4. e3 Nf6 5. Nc3 Bb4 6. Bd2 Bxc3 7. Bxc3
Qd5 8. a4 Nc6 9. a5 b5 10. axb6 cxb6 11. g3 O-O 12. Bg2 Bb7 13. O-O b5 14. Nd2
Qd7 15. Qc2 b4 16. Bxb4 Nxb4 17. Qxc4 Bxg2 18. Kxg2 Qd5+ 19. Kg1 Qxc4 20. Nxc4
Rfc8 21. b3 Nfd5 22. Ra4 Nc6 23. Rfa1 Nc3 24. R4a3 h6 25. Nb6 Nb5 26. R3a2 Nb4
27. Ra4 Nd5 28. Nxa8 Rxa8 29. Kf1 Kh7 30. Rc4 Nd6 31. Rc6 Ne4 32. Ke2 Kg6 33.
Rac1 Rb8 34. f3 Nef6 35. Rb1 Rb7 36. e4 Ne7 37. Rc3 Rb6 38. Kd3 Nc6 39. Ra1
Nb4+ 40. Kc4 Nc6 41. Kd3 Nd7 42. Ke3 Nf6 43. h3 a6 44. g4 Nb4 45. Rc7 Nfd5+ 46.
exd5 Nxd5+ 47. Ke4 Nxc7 48. Rb1 Nd5 49. f4 0-1

[Event "Lansing (MI Am/2/26)"]
[Site "?"]
[Date "1990.??.??"]
[Round "?"]
[White "Waller, A."]
[Black "Kreiman, V."]
[Result "1/2-1/2"]
[WhiteElo "1605"]
[BlackElo "1825"]
[PlyCount "77"]
[EventDate "1990.??.??"]

{2/(26)} 1. d4 d5 2. c4 e6 3. Nc3 Nf6 4. Bg5 c6 5. Nf3 Bd6 6. e4 dxe4 7. Nxe4
Qa5+ 8. Bd2 Bb4 9. Nd6+ Ke7 10. c5 Nbd7 11. Bd3 Bxd2+ 12. Qxd2 Qxd2+ 13. Nxd2
Rd8 14. O-O Ne8 15. N2c4 Nxd6 16. Nxd6 Nf6 17. Rfd1 h6 18. f4 Ne8 19. Nxe8 Kxe8
20. Be4 Ke7 21. b4 a5 22. Rd2 axb4 23. Rb1 Ra4 24. Bc2 Rxa2 25. Rxb4 Kf8 26.
Kf2 e5 27. Ke3 exd4+ 28. Rbxd4 Rxd4 29. Kxd4 Bf5 30. Kc3 Rxc2+ 31. Rxc2 Bxc2
32. Kxc2 Ke7 33. Kd3 Ke6 34. Ke4 f5+ 35. Kd4 g5 36. g3 g4 37. Kc4 h5 38. Kd4
Kf6 39. Kc4 1/2-1/2

[Event "Lansing (MI Am/4/29)"]
[Site "?"]
[Date "1990.??.??"]
[Round "?"]
[White "Waller, A."]
[Black "Haakonstad, Olaf"]
[Result "0-1"]
[WhiteElo "1605"]
[BlackElo "1850"]
[PlyCount "76"]
[EventDate "1990.??.??"]

{4/(29)} 1. d4 Nf6 2. c4 e6 3. Nc3 Bb4 4. Qc2 c5 5. a3 Qa5 6. dxc5 Bxc3+ 7.
Qxc3 Qxc3+ 8. bxc3 Ne4 9. Nf3 Nc6 10. g3 Nxc5 11. Bf4 f6 12. Nd2 e5 13. Be3 Na4
14. Ne4 Ke7 15. Bc5+ Nxc5 16. Nxc5 b6 17. Nd3 Ba6 18. Nb2 Rac8 19. e3 Na5 20.
Rb1 Rc5 21. Be2 Bxc4 22. Nxc4 Nxc4 23. Bxc4 Rxc4 24. Kd2 Rhc8 25. Rhc1 d5 26.
Rb4 Ke6 27. Rxc4 Rxc4 28. Rb1 Ra4 29. Rb3 Kd6 30. Kc2 Kc5 31. f3 a5 32. h3 b5
33. h4 h5 34. Kd3 g5 35. hxg5 fxg5 36. Kc2 h4 37. Kb2 hxg3 38. Ka2 Rh4 0-1

[Event "Detroit (MCO/3/16)"]
[Site "?"]
[Date "1990.??.??"]
[Round "?"]
[White "Walker, LeRoy"]
[Black "Grams, Paul"]
[Result "0-1"]
[WhiteElo "1605"]
[BlackElo "1815"]
[PlyCount "108"]
[EventDate "1990.??.??"]

{3/(16)} 1. Nf3 d5 2. b3 c5 3. e3 Nc6 4. Bb5 Qc7 5. h3 a6 6. Bxc6+ Qxc6 7. Ne5
Qc7 8. Bb2 Bf5 9. d3 e6 10. Nd2 f6 11. Nef3 Bd6 12. Nh4 Ne7 13. e4 Bg6 14. Nxg6
hxg6 15. Qf3 Be5 16. Bxe5 Qxe5 17. O-O O-O-O 18. exd5 Nxd5 19. Rfe1 Qd4 20.
Rab1 Nc3 21. Ra1 Rh4 22. Qe3 e5 23. Nf3 Qxe3 24. Rxe3 Rf4 25. g3 Rf5 26. Nh4
Rh5 27. Nxg6 Rxh3 28. Kg2 Rh6 29. Nh4 Rdh8 30. Ree1 g6 31. Rh1 g5 32. Nf5 Rxh1
33. Rxh1 Rxh1 34. Kxh1 Nxa2 35. Ne7+ Kd7 36. Nd5 Ke6 37. Nb6 Nb4 38. Na4 Kd6
39. Nc3 f5 40. g4 fxg4 41. Ne4+ Kd5 42. c4+ Kd4 43. Nxg5 Nxd3 44. Ne6+ Kc3 45.
Kg2 Kxb3 46. Nd8 a5 47. Nxb7 a4 48. f3 gxf3+ 49. Kxf3 Kxc4 50. Ke4 a3 51. Na5+
Kc3 52. Nc6 a2 53. Ne7 a1=Q 54. Nd5+ Kd2 0-1

[Event "Detroit (MCO/1/11)"]
[Site "?"]
[Date "1990.??.??"]
[Round "?"]
[White "Walker, LeRoy"]
[Black "Eagle, Chris"]
[Result "0-1"]
[WhiteElo "1605"]
[BlackElo "2100"]
[PlyCount "110"]
[EventDate "1990.??.??"]

{1/(11)} 1. e4 e5 2. Nc3 Nf6 3. Bc4 Bc5 4. h3 c6 5. d3 h6 6. Be3 Bxe3 7. fxe3
Qb6 8. Qc1 d5 9. exd5 cxd5 10. Bb3 O-O 11. Qd2 d4 12. exd4 exd4 13. Nce2 a5 14.
a3 a4 15. Qf4 Qc6 16. Bxf7+ Rxf7 17. Nf3 Qe8 18. Qd2 Nc6 19. O-O-O Qe6 20. c4
Nd7 21. Nexd4 Nxd4 22. Nxd4 Qb6 23. Qc3 Nc5 24. Rde1 Bd7 25. Nf3 Raf8 26. Ne5
Rf2 27. Nxd7 Nxd7 28. Re7 Rf1+ 29. Rxf1 Rxf1+ 30. Re1 Qe3+ 31. Kd1 Rxe1+ 32.
Qxe1 Qxd3+ 33. Qd2 Qf1+ 34. Qe1 Qxe1+ 35. Kxe1 Ne5 36. Kd2 Nxc4+ 37. Kc3 Ne3
38. g4 Kf7 39. Kb4 Ke6 40. Kxa4 Kd6 41. Kb5 g6 42. a4 Nd5 43. a5 g5 44. b4 Kc7
45. Kc5 Nf4 46. b5 Nxh3 47. Kd5 Nf2 48. Ke5 Nxg4+ 49. Kf5 Nf6 50. Kxf6 g4 51.
a6 bxa6 52. bxa6 g3 53. a7 Kb7 54. Ke5 g2 55. a8=Q+ Kxa8 0-1

[Event "Flint (Class DEU/2)"]
[Site "?"]
[Date "1990.??.??"]
[Round "?"]
[White "Wahowiak, D."]
[Black "Simerson, M."]
[Result "1/2-1/2"]
[WhiteElo "1605"]
[BlackElo "1605"]
[PlyCount "94"]
[EventDate "1990.??.??"]

1. e4 c5 2. Nf3 Nc6 3. d4 cxd4 4. Nxd4 e5 5. Nb3 Nf6 6. Bd3 d5 7. exd5 Qxd5 8.
O-O Qe6 9. Nc3 Bd6 10. Be3 a6 11. Re1 O-O 12. Nc5 Qg4 13. h3 Qxd1 14. Raxd1
Bxc5 15. Bxc5 Rd8 16. a3 Be6 17. Ne4 Nxe4 18. Bxe4 Rxd1 19. Rxd1 Rd8 20. Rxd8+
Nxd8 21. Bb6 Nc6 22. Bxc6 bxc6 23. Kf1 f6 24. b3 Bf5 25. c3 Kf7 26. Ke2 Be6 27.
b4 Bc4+ 28. Ke1 Ke6 29. a4 Kd5 30. a5 Ke4 31. Be3 Kd3 32. Bd2 g6 33. h4 Kc2 34.
g4 Kd3 35. Be3 Kxc3 36. Bc5 Kd3 37. f3 f5 38. Kf2 fxg4 39. fxg4 Ke4 40. Be3 h5
41. gxh5 gxh5 42. Bc5 Kf4 43. Be7 e4 44. Bg5+ Ke5 45. Ke3 Bd3 46. Be7 Kd5 47.
Bc5 Ke6 1/2-1/2

[Event "Flint (Class DEU/1)"]
[Site "?"]
[Date "1990.??.??"]
[Round "?"]
[White "Wahowiak, D."]
[Black "Peppel, S."]
[Result "1/2-1/2"]
[WhiteElo "1605"]
[BlackElo "1605"]
[PlyCount "146"]
[EventDate "1990.??.??"]

1. e4 e5 2. Nf3 d6 3. Nc3 Be7 4. Bc4 Nf6 5. d3 Bg4 6. Bg5 Nbd7 7. h3 Bh5 8. O-O
O-O 9. Qe2 c6 10. Qe3 b5 11. Bb3 a5 12. a4 b4 13. Ne2 c5 14. c4 bxc3 15. bxc3
Rb8 16. Rab1 Qc7 17. Ng3 Bg6 18. c4 Rb4 19. Bc2 Rfb8 20. Nh4 Nf8 21. Nhf5 Ne6
22. Nxe7+ Qxe7 23. Bxf6 Qxf6 24. Ne2 Qd8 25. Rxb4 Rxb4 26. Rb1 Qb8 27. Rxb4
Qxb4 28. Qc1 Bh5 29. f3 f6 30. Qb1 Be8 31. Qxb4 cxb4 32. Kf2 Nc5 33. d4 Bxa4
34. dxc5 Bxc2 35. c6 Ba4 36. c7 Bd7 37. Nc1 a4 38. Ke2 Kf8 39. Kd3 Ke7 40. c5
dxc5 41. Kc4 Kd6 42. h4 a3 43. Nb3 Bc8 44. Nxc5 a2 45. Nb3 Kxc7 46. Kxb4 Be6
47. Na1 Kb6 48. Nc2 h5 49. Ka3 Kb5 50. Kb2 Ka4 51. Ne3 Kb5 52. Nc2 g6 53. Kc3
Kc5 54. Na1 Bc4 55. g3 Be2 56. f4 exf4 57. gxf4 Bg4 58. Kb3 Be6+ 59. Kc3 Bc4
60. e5 fxe5 61. fxe5 Be6 62. Nc2 Bf5 63. Na1 Kc6 64. Kb3 Be6+ 65. Kb2 Kd7 66.
Nc2 Ke7 67. Ne3 Kf7 68. Ng2 Bd5 69. Nf4 Be6 70. Ka1 Bc4 71. Kb2 Be6 72. Ka1 Bc4
73. Kb2 Be6 1/2-1/2

[Event "Flint (Class DEU/5)"]
[Site "?"]
[Date "1990.??.??"]
[Round "?"]
[White "Wahowiak, D."]
[Black "Bates, E."]
[Result "1-0"]
[WhiteElo "1605"]
[BlackElo "1605"]
[PlyCount "103"]
[EventDate "1990.??.??"]

1. e4 e5 2. Nf3 d6 3. Bc4 Nc6 4. c3 Bd7 5. d3 Nf6 6. Bg5 g6 7. Qb3 Qe7 8. Qd1
Bg7 9. O-O O-O 10. Bb3 Na5 11. Bc2 b5 12. b4 Nc6 13. a4 Nd8 14. axb5 Bxb5 15.
Na3 Ba6 16. Bb3 Qd7 17. c4 Bb7 18. Re1 Ne6 19. Be3 Ng4 20. Bd2 Nd4 21. Nxd4
exd4 22. h3 Ne5 23. Bc1 c6 24. f4 Nxd3 25. Qxd3 c5 26. b5 Rae8 27. Bc2 Qe6 28.
Bd2 Re7 29. Re2 Bf6 30. Rae1 Qd7 31. Qg3 Rfe8 32. Kf1 Qd8 33. Qf3 Bg7 34. Qd3
Qa8 35. Kg1 Qc8 36. Kf1 Ba8 37. Ba4 Qb7 38. Bc2 f5 39. exf5 gxf5 40. Qg3 Kf8
41. Bxf5 Bf6 42. Bg4 d3 43. Rxe7 Bxe7 44. Bf3 Qc8 45. Bc3 Bf6 46. Bxf6 Rxe1+
47. Qxe1 Qe8 48. Qxe8+ Kxe8 49. Bxa8 Kf7 50. Bc3 Ke6 51. Be4 h6 52. Bxd3 1-0

[Event "Detroit (MI Op/6/23)"]
[Site "?"]
[Date "1990.??.??"]
[Round "?"]
[White "Vukotic, D."]
[Black "Vandivier, Don"]
[Result "0-1"]
[WhiteElo "1985"]
[BlackElo "2010"]
[PlyCount "92"]
[EventDate "1990.??.??"]

{6/(23)} 1. e4 c5 2. d3 g6 3. g3 Bg7 4. Bg2 Nc6 5. Nf3 d6 6. Nbd2 Bd7 7. O-O
Nf6 8. Re1 Qc8 9. Nf1 Bh3 10. e5 dxe5 11. Nxe5 Bxg2 12. Kxg2 Nxe5 13. Rxe5 Ng4
14. Re1 Bd4 15. Qe2 Qc6+ 16. f3 O-O-O 17. h3 Ne5 18. c3 Nxd3 19. Qxd3 Bf2 20.
Qe2 Bxe1 21. Qxe1 Rd3 22. Be3 Rhd8 23. Qf2 b6 24. a4 a5 25. b4 Rxc3 26. bxc5 e5
27. Qb2 Rdd3 28. Rc1 Rxc1 29. Qxc1 bxc5 30. Qc4 Qd5 31. Qa6+ Kd7 32. Qxa5 c4
33. Qa7+ Ke6 34. Qb6+ Qd6 35. Qxd6+ Kxd6 36. Nd2 c3 37. Nc4+ Kd5 38. Nb6+ Kc6
39. Nc4 Kd5 40. Nb6+ Kc6 41. Nc4 f6 42. Na5+ Kd5 43. Kf2 c2 44. Bc1 Rd1 45. Nb3
Kc4 46. Nd2+ Kb4 0-1

[Event "Detroit (MI Op/2/36)"]
[Site "?"]
[Date "1990.??.??"]
[Round "?"]
[White "Vukotic, D."]
[Black "Turner, Darrell"]
[Result "1-0"]
[WhiteElo "1985"]
[BlackElo "1865"]
[PlyCount "31"]
[EventDate "1990.??.??"]

{2/(36)} 1. e4 d6 2. d4 Nf6 3. Nc3 g6 4. f3 Bg7 5. Be3 c6 6. Qd2 Nbd7 7. O-O-O
Qa5 8. Bc4 O-O 9. h4 b5 10. Bb3 c5 11. a3 c4 12. Ba2 Rb8 13. Nb1 Qc7 14. h5
gxh5 15. Bh6 Re8 16. Qg5 1-0

[Event "Lansing (MI Am/2/4)"]
[Site "?"]
[Date "1990.??.??"]
[Round "?"]
[White "Vukotic, D."]
[Black "Smalec, John"]
[Result "1-0"]
[WhiteElo "1970"]
[BlackElo "1755"]
[PlyCount "57"]
[EventDate "1990.??.??"]

{2/(4)} 1. e4 e6 2. d4 d5 3. Nc3 Bb4 4. e5 c5 5. a3 Bxc3+ 6. bxc3 Ne7 7. a4
Nbc6 8. Nf3 cxd4 9. cxd4 Qa5+ 10. Bd2 Qc7 11. Bd3 Bd7 12. a5 f6 13. O-O fxe5
14. dxe5 Nxe5 15. Nxe5 Qxe5 16. Re1 Qf6 17. Rb1 O-O 18. Qe2 b6 19. axb6 axb6
20. Rxb6 Nc6 21. f4 Ra1 22. Rb7 Rd8 23. c3 Rxe1+ 24. Qxe1 e5 25. c4 e4 26. cxd5
Qd4+ 27. Be3 Qxd5 28. Bc2 Bf5 29. Bb3 1-0

[Event "Lansing (MI Am/4/7)"]
[Site "?"]
[Date "1990.??.??"]
[Round "?"]
[White "Vukotic, D."]
[Black "Rostrom, Richard"]
[Result "1-0"]
[WhiteElo "1970"]
[BlackElo "1710"]
[PlyCount "65"]
[EventDate "1990.??.??"]

{4/(7)} 1. e4 c6 2. d4 d5 3. e5 Bf5 4. g4 Bg6 5. h4 h6 6. h5 Bh7 7. e6 fxe6 8.
Bd3 Qa5+ 9. Bd2 Qb6 10. Bc3 Nf6 11. f3 Qc7 12. Ne2 Nbd7 13. Bg6+ Kd8 14. Qd2
Nb6 15. b3 c5 16. Nf4 Kd7 17. Qe3 Bg8 18. dxc5 d4 19. Qxd4+ Nbd5 20. Ne2 Rd8
21. Na3 a6 22. Nc4 Kc8 23. Ba5 b6 24. cxb6 Nxb6 25. Nxb6+ Kb7 26. Qb4 Ka7 27.
Nc4 Rb8 28. Bxc7 Rxb4 29. Nd4 Rb7 30. Nc6+ Ka8 31. O-O-O Nd5 32. Be5 Rb5 33.
N4a5 1-0

[Event "Detroit (MI Op/4/9)"]
[Site "?"]
[Date "1990.??.??"]
[Round "?"]
[White "Vukotic, D."]
[Black "Noren, Kevin"]
[Result "1/2-1/2"]
[WhiteElo "1985"]
[BlackElo "2305"]
[PlyCount "77"]
[EventDate "1990.??.??"]

{4/(9)} 1. e4 e6 2. d4 d5 3. Nc3 Bb4 4. e5 c5 5. a3 Bxc3+ 6. bxc3 Ne7 7. a4
Nbc6 8. Nf3 Qa5 9. Bd2 Bd7 10. Bd3 c4 11. Bf1 f6 12. Qe2 O-O-O 13. g3 Ng6 14.
Bg2 Qc7 15. O-O fxe5 16. Nxe5 Ncxe5 17. dxe5 Qxe5 18. Be3 a6 19. Qd2 Qd6 20.
Rfb1 Bc6 21. Rb6 Nf8 22. Qd4 Nd7 23. Rb4 e5 24. Qg4 Qg6 25. Qe2 Rde8 26. Qd1
Nf6 27. Rab1 Ne4 28. Bh3+ Kb8 29. Rxb7+ Bxb7 30. Qxd5 Nd6 31. Qc5 Nb5 32. axb5
Qe4 33. Qa7+ Kc7 34. Bb6+ Kd6 35. Bc5+ Kc7 36. b6+ Kc6 37. Bg2 Qxg2+ 38. Kxg2
Ra8 39. Be3 1/2-1/2

[Event "Detroit (MOR/5/45)"]
[Site "?"]
[Date "1990.??.??"]
[Round "?"]
[White "Venia, Mike"]
[Black "Watkins, K."]
[Result "0-1"]
[WhiteElo "1605"]
[BlackElo "1605"]
[PlyCount "56"]
[EventDate "1990.??.??"]

{5/(45)} 1. e4 e5 2. f4 d6 3. Nf3 Nc6 4. Bc4 Bg4 5. Bxf7+ Kxf7 6. Ng5+ Qxg5 7.
fxg5 Bxd1 8. O-O+ Ke8 9. Rxd1 Nd4 10. Na3 Ne2+ 11. Kh1 Nxc1 12. Raxc1 Be7 13.
Nb5 Kd7 14. Rf1 Rf8 15. d4 Rxf1+ 16. Rxf1 exd4 17. Nxd4 Bxg5 18. Rf7+ Ke8 19.
Rxc7 Ne7 20. Rxb7 Kf7 21. Rxa7 Be3 22. c3 Rc8 23. Ra4 Bxd4 24. Rxd4 Ke6 25. Rd1
d5 26. exd5+ Nxd5 27. a4 Rb8 28. Rb1 Nxc3 0-1

[Event "Lansing (MI Am/1/10)"]
[Site "?"]
[Date "1990.??.??"]
[Round "?"]
[White "Venia, Mike"]
[Black "Vandivier, Don"]
[Result "0-1"]
[WhiteElo "1605"]
[BlackElo "1925"]
[PlyCount "108"]
[EventDate "1990.??.??"]

{1/(10)} 1. d4 Nf6 2. c4 g6 3. Nc3 Bg7 4. e4 d6 5. Nf3 O-O 6. Be2 Nbd7 7. O-O
c5 8. d5 h6 9. Rb1 Kh7 10. b4 cxb4 11. Rxb4 Nc5 12. Qc2 Ng4 13. Bb2 a5 14. Rb5
Bd7 15. Rxc5 dxc5 16. h3 Ne5 17. Nxe5 Bxe5 18. f4 Bd4+ 19. Kh1 f5 20. Nb5 Bxb2
21. Qxb2 fxe4 22. Qe5 Bxb5 23. cxb5 Rf5 24. Qxe4 Qxd5 25. Qxe7+ Rf7 26. Qh4
Qxa2 27. f5 g5 28. Qe4 Raf8 29. f6+ Kh8 30. Qg6 Rxf6 31. Rxf6 Qa1+ 32. Rf1
Rxf1+ 33. Bxf1 Qxf1+ 34. Kh2 Qf4+ 35. Kh1 c4 36. Qxh6+ Kg8 37. Qg6+ Kf8 38.
Qh6+ Ke7 39. Qh7+ Qf7 40. Qe4+ Kd8 41. Qd4+ Kc8 42. Qa7 Qc7 43. b6 Qc6 44. Qxa5
c3 45. Qxg5 c2 46. Qf5+ Kd8 47. Qf8+ Kd7 48. Qf7+ Kd6 49. Qf6+ Kc5 50. Qf5+ Kb4
51. Qf4+ Kc3 52. Qc1 Qxb6 53. Qa1+ Kd2 54. Qa2 Qb1+ 0-1

[Event "Detroit (MOR/3/52)"]
[Site "?"]
[Date "1990.??.??"]
[Round "?"]
[White "Venia, Mike"]
[Black "Shelters, Richard"]
[Result "1-0"]
[WhiteElo "1605"]
[BlackElo "1605"]
[PlyCount "63"]
[EventDate "1990.??.??"]

{3/(52)} 1. e4 e5 2. Nf3 Nc6 3. Bb5 d6 4. d4 Bd7 5. O-O exd4 6. Bxc6 Bxc6 7.
Nxd4 Bxe4 8. Re1 d5 9. f3 Nf6 10. Bg5 Bd6 11. Bxf6 Qxf6 12. fxe4 dxe4 13. Rxe4+
Be5 14. Qe1 O-O 15. Rxe5 Qb6 16. Nc3 Qxd4+ 17. Kh1 c6 18. Rd1 Qh4 19. Rd3 f6
20. Rg3 Qb4 21. Re7 g6 22. b3 f5 23. Qe6+ Kh8 24. Rh3 Qxe7 25. Qxe7 h5 26. Re3
Rad8 27. Re6 Rg8 28. h3 Rb8 29. Ne2 Rg7 30. Qd6 Rbg8 31. Nf4 Kh7 32. Nxh5 1-0

[Event "Lansing (MI Am/3/19)"]
[Site "?"]
[Date "1990.??.??"]
[Round "?"]
[White "Venia, Mike"]
[Black "Hobbs, Raymond"]
[Result "0-1"]
[WhiteElo "1605"]
[BlackElo "1870"]
[PlyCount "90"]
[EventDate "1990.??.??"]

{3/(19)} 1. d4 Nf6 2. c4 g6 3. Nc3 Bg7 4. e4 d6 5. Bg5 O-O 6. f4 c5 7. Nf3 Qa5
8. Bd3 Bg4 9. O-O cxd4 10. Nb5 Nc6 11. h3 Bxf3 12. Qxf3 a6 13. Na3 Qb6 14. b3
Nd7 15. Bh4 Rae8 16. Nc2 Nc5 17. b4 Nxd3 18. Qxd3 f5 19. Bf2 e5 20. b5 axb5 21.
cxb5 Na5 22. Nb4 fxe4 23. Qxe4 Qxb5 24. Nd5 exf4 25. Ne7+ Kh8 26. Nxg6+ hxg6
27. Qxg6 Rf6 28. Qg4 Qd5 29. Rac1 Nc4 30. Rxc4 Qxc4 31. Qh5+ Kg8 32. Qxe8+ Rf8
33. Qg6 Rf6 34. Qe4 Qe6 35. Qxb7 Rg6 36. Qb3 d5 37. Qd3 Qe4 38. Qxe4 dxe4 39.
a4 e3 40. Be1 Be5 41. Bb4 d3 42. a5 d2 43. Bxd2 exd2 44. Rd1 Bd4+ 45. Kf1 Bc3
0-1

[Event "Detroit (MOR/7/33)"]
[Site "?"]
[Date "1990.??.??"]
[Round "?"]
[White "Venia, Mike"]
[Black "Donovan, R."]
[Result "1-0"]
[WhiteElo "1605"]
[BlackElo "1605"]
[PlyCount "85"]
[EventDate "1990.??.??"]

{7/(33)} 1. d4 Nf6 2. c4 g6 3. Nc3 d5 4. Qb3 Be6 5. Qxb7 Nbd7 6. cxd5 Rb8 7.
Qc6 Rb6 8. Qc4 Bf5 9. Nf3 e6 10. dxe6 Bxe6 11. Qd3 Bg7 12. e3 O-O 13. Be2 Bg4
14. O-O Bxf3 15. Bxf3 Ne5 16. Qe2 Nc6 17. Na4 Rb8 18. Bxc6 Qd6 19. Qf3 h5 20.
h4 Ng4 21. g3 Bh6 22. Bd2 Qf6 23. Qg2 Rfd8 24. b3 Rd6 25. Rac1 Re6 26. Bc3 Rxc6
27. d5 Rxc3 28. Rxc3 Qe7 29. Rfc1 Bg7 30. Rxc7 Qf6 31. Nc3 Qd8 32. Ne2 Bb2 33.
Qf3 f5 34. R1c2 Ba3 35. Nf4 Ne5 36. Qd1 Bd6 37. Ne6 Qe8 38. Rg7+ Kh8 39. f3 Nf7
40. f4 Bf8 41. Rxg6 Nd8 42. Qxh5+ Bh6 43. Qxh6# 1-0